Countries with the greatest extremes in elevation - Statistics

General Stats
  • This quiz has been taken 1,607 times
  • The average score is 12 of 15
Answer Stats
Hint Answer % Correct
9002 m / 29534 ft China
98%
8588 m / 28177 ft India
95%
8789 m / 28825 ft Nepal
95%
6276 m / 20591 ft United States
95%
6893 m / 22615 ft Chile
89%
8611 m / 28251 ft Pakistan
89%
7065 m / 23179 ft Argentina
86%
6802 m / 22316 ft Peru
84%
7473 m / 24518 ft Bhutan
83%
7234 m / 23734 ft Afghanistan
74%
6452 m / 21168 ft Bolivia
73%
6267 m / 20561 ft Ecuador
72%
7195 m / 23606 ft Tajikistan
70%
7142 m / 23432 ft Kazakhstan
68%
7004 m / 22979 ft Kyrgyzstan
68%
No matching quizzes found
Score Distribution
Percent of People with Each Score
Percentile by Number Answered
Your Score History
You have not taken this quiz